000 00643cam a2200229 4500
999 _c233432
_d233432
001 2277194
003 Nust
005 20170307154153.0
008 700226s1969 enk 000 1 eng
010 _a 78442921
015 _aB69-23647
020 _a9780006157519
040 _aDLC
_cDLC
_dDLC
050 0 0 _aPZ4.M1626
_bPu
_aPR6063.A248
082 0 0 _a823.912
_bMAC
100 1 _aMacLean, Alistair,
_d1922-1987.
245 1 0 _aPuppet on a chain.
_cAlistair,MacLean;
260 _aLondon,
_bCollins,
_c1969.
300 _a313 p.
_c21 cm.
650 _aDrug traffic
_xFiction
906 _a7
_bcbc
_corignew
_du
_encip
_f19
_gy-gencatlg
942 _2ddc
_cBK